000 00320nam a22001337a 4500
008 250404b |||||||| |||| 00| 0 eng d
020 _a8125919023
050 _aHJ65
_b.B53
100 _aBHATIA H.L.
245 _aPublic Finance
260 _aNew Delhi
_bVikas Publishing House
_c2006
300 _axiii, 716
942 _cBK
999 _c2866
_d2866